• 首页
  • 本馆介绍
  • 公告通知
  • 最新文献
  • 馆藏检索
  • 电子资源
  • 读者导购
  • 参考咨询
  • 我的图书馆
  • 登录
  • 详细信息显示
  • 放入我的书架
  • 预约/预借图书
  • 作者相关作品
  • 分类相关作品
  • 丛书相关作品
  • 出版社相关作品

书目信息

  • 表格格式
  • 工作单格式
  • 卡片格式
题名:
卢跃刚 上
    
 
作者: ;中国作家杂志社 主编
分册:   重点作家卷
出版信息: 北京   光明日报出版社  2002.06
页数: 170页
开本: 21cm
丛书名: 中国作家经典文库
单 册:
中图分类: I217.61 , I247.57
科图分类:
主题词: 文学--作品--中国--现代--选集 , 长篇小说--中国--现代 , 文学 , 长篇小说
电子资源:
ISBN: 7-80145-554-1
000 00896nam0 2200289 450
001 002324929
005 20070616081553.52
010    @a7-80145-554-1@dCNY30.15
100    @a20030414d2002 em y0chiy0110 ea
101 0  @achi
102    @aCN@b110000
105    @ay z 000ay
200 1  @a卢跃刚 上@ALu Yue Gang Shang@i重点作家卷@IZhong Dian Zuo Jia Juan@f《中国作家》杂志社主编@F《 Zhong Guo Zuo Jia》 Za Zhi She Zhu Bian
210    @a北京@c光明日报出版社@d2002.06
215    @a170页@d21cm
225 2  @a中国作家经典文库
410  0 @12001 @a中国作家经典文库
606 0  @a文学@x作品@y中国@z现代@j选集
606 0  @a长篇小说@y中国@z现代
606 0  @a文学
606 0  @a长篇小说
690    @aI217.61@v4
690    @aI247.57@v4
711 02 @a中国作家杂志社@AZhong Guo Zuo Jia Za Zhi She@4主编
801  0 @aCN@bNLC@c20070616
905    @aBZT@d]I217.61@e2-1
906    @dCNY30.15@n0@r1
    
    卢跃刚 上.重点作家卷/《中国作家》杂志社主编.-北京:光明日报出版社,2002.06
    170页;21cm.-(中国作家经典文库)
    
    
    ISBN 7-80145-554-1:CNY30.15
    
●
相关链接 在五车中查询图书 在当当中查询图书 在豆瓣中查询图书


正题名:卢跃刚 上     索取号:I217.61/2-1         预约/预借

序号 登录号 条形码 馆藏地/架位号 状态 备注
1 560509   230102998   中心书库中库/打包BH1120/ [索取号:I217.61/2-1] 在馆    
2 560510   230102999   中心书库中库/打包BH1120/ [索取号:I217.61/2-1] 在馆    
3 560511   230103000   中心书库中库/打包BH1120/ [索取号:I217.61/2-1] 在馆    
4 560512   230103001   中心书库中库/打包BH1120/ [索取号:I217.61/2-1] 在馆    
5 560513   230103002   中心书库中库/打包BH1120/ [索取号:I217.61/2-1] 在馆    
山东省滨州职业学院图书馆 欢迎您!
大连网信软件有限公司© 版权所有